| 000 | 00865nam a2200289 a 4500 | ||
|---|---|---|---|
| 001 | vtls000945351 | ||
| 003 | NLI | ||
| 005 | 20210627092003.0 | ||
| 008 | 111128t19631962enka 000 0 eng | ||
| 039 | 9 |
_y201111281851 _zDatasoft |
|
| 040 | 0 |
_aNLI _beng _cRetro_DSC 1 _eAACR2 |
|
| 041 | 0 | _aeng | |
| 044 | _aenk | ||
| 082 | 0 | 4 | _a398.21 |
| 100 | 1 |
_aArnott, Kathleen _9892424 |
|
| 245 | 1 | 0 |
_aAfrican myths and legends / _cretold by Kathleen Arnott |
| 260 |
_aLondon : _bOxford University Press, _c1963 c1962 |
||
| 300 |
_avii, 211 p. : _bill. ; _c23 cm. |
||
| 440 | 0 |
_aOxford myths and legends _9891408 |
|
| 650 | 0 |
_aTales _zAfrica _9778150 |
|
| 650 | 0 |
_aMythology, African _9892425 |
|
| 887 | _a | ||
| 901 |
_a3908 : _b13.02.1963 |
||
| 902 | _aChild Divn. 398.21 Ar 66 | ||
| 949 |
_AVIRTUAITEM _D10000 _X100 _6CHD000003908ENG |
||
| 942 |
_2ddc _cBKS |
||
| 999 |
_aVIRTUA40 _c768227 _d768227 |
||